000 01088nam0a22003131 4500
001 v19\rc\1573503
005 20061002104315.5
035 _a(NLR Aleph) 004702099
090 _a4082045
_c4082045
100 _a20061002d1892 |||y0rusy50 ca
101 0 _arus
102 _aRU
105 _ay z |||||
200 1 _aНародные школы, их развитие и преобразования в России
_eИст. этюд
_e(Извлечение)
_fСост. Александр Щекин
210 _aКострома
_cГуб. тип.
_d1892
215 _a60 с.
_d23
300 _aВ объявл. на 4 с. обл. авт.: Александр Александрович Щекин
700 1 _aЩекин
_bА. А.
_gАлександр Александрович
_4220
801 0 _aRU
_bNLR
_gpsbo
801 0 _aRU
_bRuMoRGB
_2psbo
801 1 _aRU
_bProSoft-M
_2rusmarc
852 _aNLR
_j18.188.6.215
899 _aRuMoRGB
_jA 188/323
899 _aRuMoRGB
_jA 201/267
899 _aБАН
899 _aГПИБ
899 _aНБ МГУ
942 _cBOOK
980 _aNB